| 000 | 00704nam a2200229Ia 4500 | ||
|---|---|---|---|
| 008 | 160319s9999 xx 000 0 und d | ||
| 245 | _aGeography basics : | ||
| 245 | _bglobes, maps and graphs / | ||
| 245 | _cDiscovery Channel School. | ||
| 260 | _aPhilippines: | ||
| 260 | _bDistributed by Magnavision Home Video. | ||
| 260 | _c2005 | ||
| 300 | _a1 videodisc : | ||
| 300 | _bdigital, sound, color ; | ||
| 300 | _c4 3/4 inches | ||
| 440 | _aDiscovery Channel School. Geography. | ||
| 500 | _a"Explore your world." | ||
| 650 | _aGeography -- | ||
| 650 | _xJuvenile literature. | ||
| 700 | _aDiscovery Channel School (Firm), corporate. | ||
| 700 | _aGlobes, maps and graphs, title. | ||
| 999 |
_c292422 _d292422 |
||